Feasibility and market study Tiara Green Resort condominium Melaka Golf & Country Club Mukim Bukit Katil Melaka

Bibliographic Details
Corporate Author: INSPEN
Format: Book
Subjects:
Online Access:http://app.inspen.gov.my:7779/pls/portal/docs/PAGE/CORPORATEPAGES/PORTAL_INSPEN/LAPORAN_PENYELIDIKAN_DI_PERPUSTAKAAN/EL.PDF

MARC

LEADER 00000cam a2200000 7i4500
001 0000007500
005 20071031.0
040 |a INS 
090 0 0 |a RESEARCH 185 
245 0 0 |a Feasibility and market study Tiara Green Resort condominium Melaka Golf & Country Club Mukim Bukit Katil Melaka 
300 |c 30cm. 
500 |a Digital document is available on-line; Please click the URL below 
650 0 0 |a Feasibility studies 
650 0 0 |a Resort   |z Melaka 
710 2 |a INSPEN 
856 |u http://app.inspen.gov.my:7779/pls/portal/docs/PAGE/CORPORATEPAGES/PORTAL_INSPEN/LAPORAN_PENYELIDIKAN_DI_PERPUSTAKAAN/EL.PDF 
999 |a RES0000269   |b BOOK   |c Research By JPPH Staff   |e Default branch